000 00848cam a22002773a 4500
001 2257
003 PGUSA
005 20140828083012.0
008 000701s2000||||xxu|||||s|||||000 | eng d
040 _aPGUSA
_beng
042 _adc
050 4 _aPR
100 1 _aShakespeare, William,
_d1564-1616
245 1 0 _aRichard III
_h[electronic resource] /
_cWilliam Shakespeare
260 _bProject Gutenberg,
_c2000
506 _aPublic domain in the USA.
516 _aElectronic text
653 _aRichard III, King of England, 1452-1485 -- Drama
653 _aHistorical drama
653 _aGreat Britain -- History -- Richard III, 1483-1485 -- Drama
653 _aTragedies
653 _aGreat Britain -- Kings and rulers -- Drama
830 0 _aProject Gutenberg
_v2257
856 4 0 _uhttp://www.gutenberg.org/ebooks/2257
942 _cEB
999 _c231594
_d231594